Cities in countries Tile Select - Statistics

General Stats
  • This quiz has been taken 32 times
  • The average score is 66 of 80
Answer Stats
Question Tile Select % Correct
Cities not in the USA Buffalo No
100%
Cities not in the USA Cairns Yes
100%
Cities not in the USA Cincinnati No
100%
Cities not in the USA Fort Worth No
100%
Cities not in the USA Milwaukee No
100%
Cities not in the USA Perth Yes
100%
Cities not in the USA Pittsburgh No
100%
Cities not in the USA San Diego No
100%
Cities not in the USA Tampa No
100%
Cities not in the USA Wichita No
100%
Cities not in the USA Tucson No
96%
Cities not in France Dijon No
93%
Cities not in China Guangzhou No
93%
Cities not in France Montpellier No
93%
Cities not in China Qingdao No
93%
Cities not in France Rennes No
93%
Cities not in China Sapporo Yes
93%
Cities not in China Shenzhen No
93%
Cities not in China Tianjin No
93%
Cities not in France Toulouse No
93%
Cities not in the USA Winnipeg Yes
93%
Cities not in China Xi'an No
93%
Cities not in Germany Antwerp Yes
89%
Cities not in the USA Dundee Yes
89%
Cities not in the USA Edmonton Yes
89%
Cities not in the USA Monterrey Yes
89%
Cities not in China Nanjing No
89%
Cities not in China Quezon City Yes
89%
Cities not in Germany Stuttgart No
89%
Cities not in France Turin Yes
89%
Cities not in Germany Augsburg No
86%
Cities not in Germany Bremen No
86%
Cities not in France Bruges Yes
86%
Cities not in Germany Dortmund No
86%
Cities not in France Dunkirk No
86%
Cities not in France Lille No
86%
Cities not in Germany Mainz No
86%
Cities not in France Nancy No
86%
Cities not in Spain (Half of them are not in Spain) Sevilla No
86%
Cities not in France Strasbourg No
86%
Cities not in Spain (Half of them are not in Spain) Valencia No
86%
Cities not in Germany Wuppertal No
86%
Cities not in Spain (Half of them are not in Spain) Cusco Yes
82%
Cities not in Spain (Half of them are not in Spain) Granada No
82%
Cities not in China Harbin No
82%
Cities not in Spain (Half of them are not in Spain) Málaga No
82%
Cities not in Spain (Half of them are not in Spain) Murcia No
82%
Cities not in France Clermont-Ferrand No
79%
Cities not in France Lausanne Yes
79%
Cities not in Spain (Half of them are not in Spain) Santiago Yes
79%
Cities not in Spain (Half of them are not in Spain) Zaragoza No
79%
Cities not in Spain (Half of them are not in Spain) Cartagena Yes
75%
Cities not in China Daegu Yes
75%
Cities not in China Da Nang Yes
75%
Cities not in France Esch-sur-Alzette Yes
75%
Cities not in Germany Potsdam No
75%
Cities not in Germany Saarbrücken No
75%
Cities not in Germany Ulm No
75%
Cities not in China Urumqi No
75%
Cities not in Spain (Half of them are not in Spain) Campeche Yes
71%
Cities not in China Chiang Mai Yes
71%
Cities not in Spain (Half of them are not in Spain) Davao Yes
71%
Cities not in China Hefei No
71%
Cities not in France Liège Yes
71%
Cities not in Spain (Half of them are not in Spain) Marbella No
71%
Cities not in the USA Provo No
71%
Cities not in China Sendai Yes
71%
Cities not in Germany Eindhoven Yes
68%
Cities not in Spain (Half of them are not in Spain) Fortaleza Yes
68%
Cities not in France Limoges No
68%
Cities not in Germany Rostock No
68%
Cities not in Spain (Half of them are not in Spain) Santa Cruz de la Sierra Yes
68%
Cities not in Spain (Half of them are not in Spain) Donostia-San Sebastián No
64%
Cities not in Germany Bismarck Yes
61%
Cities not in China Lhasa No
61%
Cities not in Spain (Half of them are not in Spain) Mérida Yes
61%
Cities not in France Pointe-Noire Yes
54%
Cities not in Germany Stettin Yes
54%
Cities not in Germany Klagenfurt am Wörthersee Yes
50%
Cities not in Germany Metz Yes
50%
No matching quizzes found
Score Distribution
Percent of People with Each Score
Percentile by Number Answered
Your Score History
You have not taken this quiz